LEADER 03908nam 2200745 450 001 9910823524003321 005 20230205051313.0 010 $a1-4426-2075-7 010 $a1-4426-2074-9 024 7 $a10.3138/9781442620742 035 $a(CKB)3710000000473857 035 $a(EBL)4180490 035 $a(OCoLC)940512833 035 $a(SSID)ssj0001578442 035 $a(PQKBManifestationID)16255380 035 $a(PQKBTitleCode)TC0001578442 035 $a(PQKBWorkID)14837683 035 $a(PQKB)10842183 035 $a(MiAaPQ)EBC4669237 035 $a(OOCEL)450578 035 $a(OCoLC)921143570 035 $a(CaBNVSL)thg00970041 035 $a(DE-B1597)465488 035 $a(DE-B1597)9781442620742 035 $a(Au-PeEL)EBL4669237 035 $a(CaPaEBR)ebr11255780 035 $a(MdBmJHUP)musev2_106695 035 $a(EXLCZ)993710000000473857 100 $a20160916h20152015 uy 0 101 0 $aeng 135 $aur|n|---||||| 181 $ctxt$2rdacontent 182 $cc$2rdamedia 183 $acr$2rdacarrier 200 00$aExhibiting the German past $emuseums, film, and musealization /$feditors, Peter M. McIsaac, Gabriele Mueller 210 1$aToronto :$cUniversity of Toronto Press,$d2015. 210 4$d©2015 215 $a1 online resource (311 pages) 225 1 $aGerman and European studies 311 0 $a1-4426-4965-8 320 $aIncludes bibliographical references and index. 327 $tFrontmatter --$tContents --$tIllustrations --$tAcknowledgments --$tIntroduction --$t1. The "Museal Gaze" and "Civic Seeing": City, Film, and Museum in Wim Wenders's Der Himmel u?ber Berlin --$t2. Refracted Memory: Museums, Film, and Visual Culture in Urban Space --$t3. Nikolaus Geyrhalter's Unser ta?glich Brot: Preservation, the Food Industry, and the Interrogation of Visual Evidence --$t4. The Concealed Curator: Constructed Authenticity in Uli Edel's Der Baader-Meinhof Komplex --$t5. Remembering and Historicizing Socialism: The Private and Amateur Musealization of East Germany's Everyday Life --$t6. Object Lessons: Visuality and Tactility in Museums of the Socialist Everyday --$t7. Historical Museum Meets Docu-Drama: The Recipient's Experiential Involvement in the Second World War --$t8. Framing the Past: Visual Musealizations of the Nazi Past in Harlan -- Im Schatten von Jud Su?ss and Jud Su?ss -- Film ohne Gewissen --$t9. Moving Statues: Arthur Grimm, the Entartete Kunst Exhibition, and Installation Photography as Standfotografie --$t10. "In a Hundred Years of Cinema ... ": History and Musealization in Harun Farocki's Arbeiter verlassen die Fabrik in elf Jahrzehnten --$t11. Sex on Display: Sexual Science and the Exhibition PopSex! --$t12. Spaces in Motion and Cinematic Experiences: The Permanent Exhibition Film of the Deutsche Kinemathek -- Museum fu?r Film und Fernsehen --$tBibliography --$tContributors --$tIndex. 330 $aFeaturing a wide range of valuable case studies, Exhibiting the German Past offers a unique perspective on the developing relationship between museums and visual media. 410 0$aGerman and European studies. 606 $aMuseums$xSocial aspects$zGermany 606 $aMuseum exhibits$xSocial aspects$zGermany 606 $aMotion pictures$xSocial aspects$zGermany 606 $aCollective memory$zGermany 607 $aGermany$xIn motion pictures 607 $aGermany$xIn popular culture 608 $aElectronic books. 615 0$aMuseums$xSocial aspects 615 0$aMuseum exhibits$xSocial aspects 615 0$aMotion pictures$xSocial aspects 615 0$aCollective memory 676 $a069.0943 702 $aMcIsaac$b Peter 702 $aMueller$b Gabriele 801 0$bMiAaPQ 801 1$bMiAaPQ 801 2$bMiAaPQ 906 $aBOOK 912 $a9910823524003321 996 $aExhibiting the German past$93913756 997 $aUNINA LEADER 03314nam 2200589zu 450 001 9910137469103321 005 20241120175033.0 010 $a2-940415-51-X 024 7 $a10.4000/books.iheid.126 035 $a(CKB)3170000000061003 035 $a(SSID)ssj0001542078 035 $a(PQKBManifestationID)11863101 035 $a(PQKBTitleCode)TC0001542078 035 $a(PQKBWorkID)11535781 035 $a(PQKB)10376308 035 $a(WaSeSS)IndRDA00045693 035 $a(FrMaCLE)OB-iheid-126 035 $a(oapen)https://directory.doabooks.org/handle/20.500.12854/63071 035 $a(PPN)182838315 035 $a(oapen)doab63071 035 $a(EXLCZ)993170000000061003 100 $a20160829d2011 uy 101 0 $afre 135 $aur||||||||||| 181 $ctxt 182 $cc 183 $acr 200 10$a"Société civile" et évolution de l'autoritarisme en Syrie 210 $cGraduate Institute Publications$d2011 210 31$a[Place of publication not identified]$cGraduate Institute Publications$d2011 215 $a1 online resource (99 pages) 225 0 $aeCahiers de l'Institut ;$v8 300 $aBibliographic Level Mode of Issuance: Monograph 311 08$a2-940415-50-1 320 $aIncludes bibliographical references. 330 $aLa question de la démocratisation des régimes arabes est au c?ur des débats théoriques depuis les années 1990. Tantôt elle met en évidence les leviers potentiels de la démocratie, tantôt elle dénonce le jeu des régimes autoritaires « améliorés ». Quelle est la spécificité du régime syrien ? Comment comprendre l?émergence de la « société civile » dans l?espace public syrien ? Quelles stratégies le pouvoir a-t-il développé par rapport aux organisations non gouvernementales ? Ces stratégies reflètent-elle une évolution du gouvernement en Syrie ? Cette étude ? fruit d?un travail de terrain ? contribue à éclairer la trajectoire de la Syrie dans le contexte actuel des révolutions arabes. "A l?heure où les relations entre société civile et autoritarisme sont au c?ur des débats dans le monde arabe, cette publication offre à la fois une excellente synthèse théorique de ces questions, tout en révélant les résultats d?une enquête de terrain de plusieurs mois. Sur le plan scientifique, son analyse nous permet de mieux comprendre les événements en Syrie en présentant une recherche très documentée sur un aspect crucial de la politique du régime al-Assad. Toutefois, cette analyse va au-delà du cas syrien, en démontant les impasses de l?autoritarisme, largement remis en question dans cette région par le «printemps arabe»..." (lire la suite) Professeur Riccardo Bocco. 606 $aGovernment - Non-U.S$2HILCC 606 $aLaw, Politics & Government$2HILCC 606 $aGovernment - Asia$2HILCC 610 $agouvernance 610 $adémocratie 610 $aautoritarisme 610 $asociété civile 615 7$aGovernment - Non-U.S. 615 7$aLaw, Politics & Government 615 7$aGovernment - Asia 700 $aFioroni$b Claudie$0884388 801 0$bPQKB 906 $aBOOK 912 $a9910137469103321 996 $a"Société civile" et évolution de l'autoritarisme en Syrie$91974892 997 $aUNINA LEADER 04179nam 22007695 450 001 9910831803803321 005 20240912160606.0 010 $a9783839461082 010 $a3839461081 024 7 $a10.1515/9783839461082 035 $a(CKB)5690000000112004 035 $a(DE-B1597)617441 035 $a(DE-B1597)9783839461082 035 $a(MiAaPQ)EBC7153664 035 $a(ScCtBLL)03e819f7-0746-4387-bf7d-aff22c82b983 035 $a(EXLCZ)995690000000112004 100 $a20230103h20222022 fg 101 0 $ager 135 $aur||#|||||||| 181 $ctxt$2rdacontent 182 $cc$2rdamedia 183 $acr$2rdacarrier 200 00$aBuch-Aisthesis $ePhilologie und Gestaltungsdiskurs /$fhrsg. von Christopher Busch, Oliver Ruf 210 1$aBielefeld :$ctranscript Verlag,$d[2022] 210 4$d©2022 215 $a1 online resource (250 p.) 225 0 $aMedien- und Gestaltungsästhetik ;$v14 327 $tFrontmatter --$tInhaltsverzeichnis --$tVorwort --$tBuch-Diskurse --$tMeta-Bibliography --$tBuch-Text-Relationen und sekundäre Semantisierung --$tTraduttore traditore --$tThe book as framing device in exploration games --$tKanonisierende Ästhetik --$tBuch-Ästhetik als Vermittlungsleistung --$tMixing Oil and Water ? Paratext und Text --$tHandliche Musik --$tGedanke wird Körper --$tboundless --$tHerr Forssman, wie machen Sie Bücher? --$tBeiträger·innen 330 $aLiteratur kann auch als Verbund von Medien betrachtet werden, die in Kooperations- und Konkurrenzverhältnissen auftreten. Dies wird umso deutlicher, wenn aus literatur- und designwissenschaftlicher Perspektive auf die Beobachtung der Differenz von typographischen und anderen, grundsätzlich nonverbalen visuellen Daten abgestellt wird. Die Beiträger*innen des Bandes leiten daraus ein Verhältnis von Literatur- und Kunstwissenschaft zu ihren Gegenständen ab, das nicht zuletzt zu einer neuen Aufmerksamkeit für die skripturale und typographische Materialität und Medialität der Literatur führt. Dabei geht es um die Theorie der Reflexion und die Praxis der Erzeugung einer je spezifischen Buch-Ästhetik. 410 $aMedien- und Gestaltungsästhetik 606 $aSOCIAL SCIENCE / Media Studies$2bisacsh 610 $aAnalogue Media. 610 $aApplied Philology. 610 $aBook Desgin. 610 $aBook. 610 $aDesign. 610 $aLiterary Studies. 610 $aLiterature. 610 $aMaterial Studies. 610 $aMedia Aesthetics. 610 $aMedia Studies. 610 $aMedia. 610 $aShaping. 615 7$aSOCIAL SCIENCE / Media Studies. 702 $aAhrens$b Moritz$4ctb$4https://id.loc.gov/vocabulary/relators/ctb 702 $aBriese$b Vanessa$4ctb$4https://id.loc.gov/vocabulary/relators/ctb 702 $aBusch$b Christopher$4ctb$4https://id.loc.gov/vocabulary/relators/ctb 702 $aBusch$b Christopher$4edt$4http://id.loc.gov/vocabulary/relators/edt 702 $aCoch$b Charlotte$4ctb$4https://id.loc.gov/vocabulary/relators/ctb 702 $aDrucker$b Johanna$4ctb$4https://id.loc.gov/vocabulary/relators/ctb 702 $aFleuster$b Daniel$4ctb$4https://id.loc.gov/vocabulary/relators/ctb 702 $aKeidel$b Leonard$4ctb$4https://id.loc.gov/vocabulary/relators/ctb 702 $aKochan$b Boris$4ctb$4https://id.loc.gov/vocabulary/relators/ctb 702 $aMe?sza?ros$b Ti?mea$4ctb$4https://id.loc.gov/vocabulary/relators/ctb 702 $aMu?ller$b Ulrich$4ctb$4https://id.loc.gov/vocabulary/relators/ctb 702 $aRuf$b Oliver$4ctb$4https://id.loc.gov/vocabulary/relators/ctb 702 $aRuf$b Oliver$4edt$4http://id.loc.gov/vocabulary/relators/edt 702 $aStoltz$b Ulrike$4ctb$4https://id.loc.gov/vocabulary/relators/ctb 702 $aVujadinovic$b Aleksandra$4ctb$4https://id.loc.gov/vocabulary/relators/ctb 702 $aWerner$b Gabriele$4ctb$4https://id.loc.gov/vocabulary/relators/ctb 702 $aWix$b Gabriele$4ctb$4https://id.loc.gov/vocabulary/relators/ctb 801 0$bDE-B1597 801 1$bDE-B1597 906 $aBOOK 912 $a9910831803803321 996 $aBuch-Aisthesis$93002050 997 $aUNINA